| 000 | 02084nab a2200265 i 4500 | ||
|---|---|---|---|
| 003 | BR-BrBNA | ||
| 005 | 20250512155945.0 | ||
| 008 | 250512b2017 bl.qr|pooa||| 00| 0 por | | ||
| 040 |
_aBR-BrBNA _bpor |
||
| 072 | _aF70 | ||
| 100 | _aAlencar, Ana Cláudia | ||
| 100 | _aMarinho, Lucas Cardoso | ||
| 245 | _aFlora das cangas da Serra dos Carajás, Pará, Brasil: Clusiaceae | ||
| 500 | _aPublicação on-line; 25 ref.; 3 illus.; Summaries (En, Pt) | ||
| 520 | _a Resumo Apresentamos o tratamento de Clusiaceae para a flora das cangas da Serra dos Carajás, Pará, Brasil. São reconhecidas três espécies de Clusia: C. nemorosa, C. panapanari e C. aff. weddelliana, além de Garcinia madruno e Symphonia globulifera. Clusia aff. weddelliana apresenta algumas diferenças marcantes com os demais espécimes provenientes de outras localidades do Pará. São apresentadas descrições, ilustrações e comentários taxonômicos sobre as espécies. Palavras-chave: estado do Pará, Floresta Nacional de Carajás, Guttiferae, Malpighiales, taxonomia. Abstract We present the treatment of Clusiaceae for the flora of the cangas of Serra dos Carajás, Pará, Brazil. Three species of Clusia are recognized: C. nemorosa, C. panapanari, and C. aff. weddelliana, as well as Garcinia madruno and Symphonia globulifera. Clusia aff. weddelliana have marked differences with the specimens from other localities of the Pará state. Descriptions, illustrations and taxonomic comments are presented. Key words: Pará state, National Forest of Carajás, Guttiferae, Malpighiales, taxonomy. | ||
| 650 | _aPARÁ | ||
| 650 | _aFLORESTA | ||
| 650 | _aCARAJÁS | ||
| 650 | _aGUTTIFERAE | ||
| 650 | _aTAXONOMIA | ||
| 773 | 0 |
_0709 _9350025 _dRio de Janeiro-RJ Jardim Botanico do Rio de Janeiro 1935 _o2025-2634 _tRodriguésia (Brazil) _x0370-6583; 2175-7860 on-line _gv. 68(3 special number) p. 935-944; (2017) _wBR2025000929 |
|
| 856 | _uhttps://www.scielo.br/j/rod/a/JGfZhTzLZDw3tZcXcQmjZ4t/?format=pdf&lang=pt | ||
| 942 | _cANA | ||
| 999 |
_c331438 _d331438 |
||